[Event "SLO-chT U20"]
[Site "Novo Mesto"]
[Date "2003.08.24"]
[Round "3"]
[White "Ahmatovic, Mirela"]
[Black "Marinsek, Denis"]
[Result "0-1"]
[WhiteElo "2034"]
[BlackElo "1802"]
[PlyCount "62"]
[EventDate "2003.08.23"]
[EventType "team"]
[EventRounds "7"]
[EventCountry "SLO"]
[SourceTitle "EXT 2005"]
[Source "ChessBase"]
[SourceDate "2004.11.15"]
[SourceVersion "1"]
[SourceVersionDate "2004.11.15"]
[SourceQuality "1"]

1. e4 e6 2. d4 b6 3. Nc3 Bb7 4. Bd3 f5 5. exf5 Bxg2 6. Qh5+ g6 7. fxg6 Bg7 8. gxh7+ Kf8 9. hxg8Q+ Kxg8 10. Qg6 Bxh1 11. Bg5 Qf8 12. f3 Qf7 13. Qe4 Nc6 14. 0-0-0 Rf8 15. Be2 Qf5 16. Qe3 Nxd4 17. Bd3 Qe5 18. h3 Qxe3+ 19. Bxe3 Bxf3 20. Nxf3 Nxf3 21. Nb5 c6 22. Nxa7 Bh6 23. Bxh6 Rxh6 24. Be4 Ne5 25. Rg1+ Kf7 26. Rg5 Kf6 27. Rg3 Ke7 28. Kd1 Rhf6 29. b3 Ra8 30. Nb5 d5 31. Nc7 Rxa2 0-1

[Event "SLO-chT U20"]
[Site "Novo Mesto"]
[Date "2003.08.23"]
[Round "1"]
[White "Loviscek, Matjaz"]
[Black "Marinsek, Denis"]
[Result "1-0"]
[WhiteElo "2055"]
[BlackElo "1802"]
[PlyCount "53"]
[EventDate "2003.08.23"]
[EventType "team"]
[EventRounds "7"]
[EventCountry "SLO"]
[SourceTitle "EXT 2005"]
[Source "ChessBase"]
[SourceDate "2004.11.15"]
[SourceVersion "1"]
[SourceVersionDate "2004.11.15"]
[SourceQuality "1"]

1. d4 Nf6 2. g3 g6 3. Bg2 Bg7 4. c4 0-0 5. Nf3 d5 6. 0-0 e6 7. Nc3 b6 8. b3 Bb7 9. Ba3 Re8 10. Rc1 a6 11. e3 Nbd7 12. Re1 Rc8 13. Qe2 c5 14. h3 Bh6 15. Rc2 Rc7 16. g4 e5 17. dxe5 Nxe5 18. cxd5 Nxd5 19. Nxe5 Rxe5 20. Nxd5 Bxd5 21. Bb2 Re8 22. Rd1 Rd7 23. Rcd2 Bxg2 24. Rxd7 Qa8 25. Qc4 Rf8 26. Qc3 f6 27. Qc4+ 1-0

[Event "SLO-chT2"]
[Site "Slovenia"]
[Date "2003.05.15"]
[Round "3"]
[White "Marinsek, Denis"]
[Black "Grobin, Blaz"]
[Result "1-0"]
[WhiteElo "1799"]
[BlackElo "1500"]
[PlyCount "57"]
[EventDate "2003.05.02"]
[EventType "team"]
[EventRounds "9"]
[EventCountry "SLO"]
[SourceTitle "EXT 2005"]
[Source "ChessBase"]
[SourceDate "2004.11.15"]
[SourceVersion "1"]
[SourceVersionDate "2004.11.15"]
[SourceQuality "1"]

1. d4 Nf6 2. c4 g6 3. Nc3 Bg7 4. e4 d6 5. Nf3 Nc6 6. Be2 0-0 7. 0-0 Bg4 8. Be3 Re8 9. Rc1 Bxf3 10. Bxf3 e5 11. d5 Ne7 12. b4 a6 13. c5 Rb8 14. a4 Qd7 15. a5 Red8 16. Na4 c6 17. cxd6 Qxd6 18. Bc5 Qc7 19. Bb6 Qd6 20. Bxd8 Rxd8 21. dxc6 Qc7 22. Qb3 Nxc6 23. b5 axb5 24. Qxb5 Ra8 25. Nb6 Rxa5 26. Qxa5 Nxa5 27. Rxc7 Ne8 28. Rc8 Kf8 29. Ra1 1-0